Reflexiones sobre la sociedad chilena: una mirada desde la universidad

Збережено в:
Бібліографічні деталі
Автори: Israel Zipper, Ricardo (Автор), Villagrán Abarzúa, Marcelo (Автор)
Формат: Книга
Мова:Іспанська
Опубліковано: Santiago Ril editores 2012
Редагування:1a. ed
Предмети:
Теги: Додати тег
Немає тегів, Будьте першим, хто поставить тег для цього запису!

MARC

LEADER 00000cam a2200000 a 4500
001 UCC9990
003 CL-VaPUC
005 20240124145843.0
008 191129e20120000cl spa d
020 |a 9789562849036 
082 0 4 |a 301.983  |b ISR  |2 21 
100 |a Israel Zipper, Ricardo  |e author  |9 605304 
700 1 |a Villagrán Abarzúa, Marcelo  |e author  |9 605305 
245 1 0 |a Reflexiones sobre la sociedad chilena: una mirada desde la universidad 
250 |a 1a. ed 
260 |a Santiago  |b Ril editores  |c 2012 
300 |a 365 p 
583 |a last modification  |c 20191129 11:37:00  |k Rodrigo Vera 
650 0 0 |a Sociedad chilena  |9 412967 
650 0 7 |a IDIOSINCRACIA  |2 CL-VaPUC  |9 517785 
650 0 0 |a Antropología social  |9 306264 
650 0 0 |a Sociología   |9 255410 
942 |c BK 
945 |a dcastane  |d 20191129 11:37:00 
999 |c 376261  |d 376259 
952 |0 0  |1 0  |3 erb  |4 0  |6 301_983000000000000_ISR_2012  |7 0  |8 A  |9 495602  |a BIBDER  |b BIBDER  |e Precht Pizarro, Jorge Enrique  |i 5610982  |o 301.983 ISR 2012  |p 5610982  |r 2023-01-25  |w 2020-01-06  |y BK  |z Catalogado en:20191129  |k DER